[Event "Alekhine CC op"]
[Site "Montreal CAN"]
[Date "1971.06.26"]
[Round "2"]
[White "Brodie, Hugh"]
[Black "Lebel, Robert"]
[Result "0-1"]
[WhiteElo "1750"]
[BlackElo "1800"]
[PlyCount "60"]
[EventDate "1971.06.25"]
[EventType "swiss"]
[EventRounds "5"]
[EventCountry "CAN"]

1. f4 g6 2. Nf3 Bg7 3. e4 c5 4. Nc3 d6 5. g3 Nc6 6. d3 Nf6 7. Bg2 O-O 8. O-O
Rb8 9. Rb1 Bd7 10. h3 b5 11. a3 a5 12. Be3 b4 13. axb4 axb4 14. Ne2 b3 15. c3
c4 16. g4 cxd3 17. Qxd3 Na5 18. Ned4 Qc7 19. f5 e5 20. fxe6 fxe6 21. Ng5 Rfe8
22. Rf2 e5 23. Ne2 h6 24. Nf3 Bb5 25. Qd1 Nc4 26. Bc1 Bc6 27. Nd2 Ne3 28. Qe1
Nxg2 29. Rxg2 Nxe4 30. Rh2 Qa7+ 0-1

[Event "Alekhine CC op"]
[Site "Montreal CAN"]
[Date "1971.06.26"]
[Round "3"]
[White "Martel, G."]
[Black "Brodie, Hugh"]
[Result "0-1"]
[WhiteElo "1500"]
[BlackElo "1750"]
[PlyCount "74"]
[EventDate "1971.06.25"]
[EventType "swiss"]
[EventRounds "5"]
[EventCountry "CAN"]

1. Nf3 d5 2. d4 Nf6 3. Bf4 e6 4. a3 c5 5. e3 Nc6 6. Bb5 Qa5+ 7. Nc3 Ne4 8.
Bxc6+ bxc6 9. O-O Nxc3 10. bxc3 Qxc3 11. Ne5 Ba6 12. Re1 Rc8 13. Ng4 Be7 14.
Be5 f6 15. Bg3 h5 16. Ne5 fxe5 17. Bxe5 Bf6 18. Bf4 Kd7 19. dxc5 Qxa1 20. Qxa1
Bxa1 21. Rxa1 Rhe8 22. Rd1 e5 23. Bg5 Rb8 24. e4 d4 25. h3 Rb2 26. c3 Be2 27.
Ra1 d3 28. f3 d2 29. Bxd2 Rxd2 30. Kf2 Rb8 31. a4 h4 32. g4 Rbb2 33. Ke3 Rd3+
34. Kf2 Rxf3+ 35. Kg2 Rg3+ 36. Kf2 Bb5+ 37. Ke1 Rg1# 0-1

[Event "Alekhine CC op"]
[Site "Montreal CAN"]
[Date "1971.06.27"]
[Round "4"]
[White "Brodie, Hugh"]
[Black "Gadoury, Pierre"]
[Result "1/2-1/2"]
[WhiteElo "1750"]
[BlackElo "1800"]
[PlyCount "60"]
[EventDate "1971.06.25"]
[EventType "swiss"]
[EventRounds "5"]
[EventCountry "CAN"]

1. e4 e6 2. d4 d5 3. Nc3 dxe4 4. Nxe4 Nd7 5. Nf3 Ngf6 6. Nxf6+ Nxf6 7. Bd3 Be7
8. O-O O-O 9. c3 b6 10. Bg5 h6 11. Bxf6 Bxf6 12. Be4 Rb8 13. Qc2 Bb7 14. Rad1
Bxe4 15. Qxe4 Qd5 16. Qxd5 exd5 17. Rfe1 Rfd8 18. Ne5 Bxe5 19. Rxe5 c6 20. Rde1
Kf8 21. Kf1 Re8 22. Rxe8+ Rxe8 23. Rxe8+ Kxe8 24. Ke2 Ke7 25. Kd3 Kd6 26. g4 g5
27. h3 f6 28. b3 b5 29. c4 b4 30. c5+ Ke6 1/2-1/2

[Event "Alekhine CC op"]
[Site "Montreal CAN"]
[Date "1971.06.27"]
[Round "5"]
[White "Di Cecco, Giovanni"]
[Black "Brodie, Hugh"]
[Result "1-0"]
[WhiteElo "1750"]
[BlackElo "1750"]
[PlyCount "119"]
[EventDate "1971.06.25"]
[EventType "swiss"]
[EventRounds "5"]
[EventCountry "CAN"]

1. e4 c5 2. Nf3 d6 3. d4 cxd4 4. Nxd4 Nf6 5. Nc3 g6 6. Be2 Bg7 7. Be3 Nc6 8.
Qd2 Ng4 9. Nb3 Nxe3 10. Qxe3 Bd7 11. O-O-O Qc8 12. h4 h5 13. Kb1 Bg4 14. f3 Be6
15. Nd5 O-O 16. Rhg1 Bxd5 17. exd5 Nb4 18. c3 Qf5+ 19. Qe4 Qxe4+ 20. fxe4 Na6
21. Bxa6 bxa6 22. Na5 Rab8 23. Nc6 Rb7 24. Kc2 Bf6 25. g3 Kh7 26. Rge1 Be5 27.
Nxe5 dxe5 28. Rf1 Kg7 29. d6 Rd8 30. dxe7 Rxd1 31. Rxd1 Rxe7 32. Rd6 f5 33. Kd3
f4 34. gxf4 exf4 35. Rd4 g5 36. hxg5 Kg6 37. Ke2 Kxg5 38. Kf3 h4 39. Rd5+ Kg6
40. Rd6+ Kg5 41. Rd5+ Kg6 42. Kxf4 Rf7+ 43. Rf5 h3 44. Kg3 Rxf5 45. exf5+ Kxf5
46. Kxh3 Ke5 47. Kg3 Ke4 48. Kf2 Kd3 49. Kf3 a5 50. a4 Kc4 51. Ke4 a6 52. Ke3
Kb3 53. Kd3 Kxa4 54. c4 Kb3 55. c5 a4 56. c6 Kxb2 57. c7 a3 58. c8=Q a2 59.
Qc3+ Kb1 60. Qc2+ 1-0

[Event "Ontario op"]
[Site "Belleville CAN"]
[Date "1971.05.23"]
[Round "1"]
[White "Brodie, Hugh"]
[Black "Hoch, Daniel"]
[Result "1-0"]
[WhiteElo "1750"]
[BlackElo "1600"]
[PlyCount "45"]
[EventDate "1971.05.22"]
[EventType "swiss"]
[EventRounds "6"]
[EventCountry "CAN"]

1. e4 c5 2. Nc3 Nc6 3. g3 d6 4. Bg2 Nf6 5. d3 g6 6. f4 Bg7 7. Nf3 e5 8. O-O Bg4
9. h3 Be6 10. Be3 exf4 11. gxf4 b6 12. Ng5 Bd7 13. Qd2 O-O 14. f5 h6 15. Nf3
gxf5 16. Bxh6 Nh7 17. Qf4 Bxh6 18. Qxh6 fxe4 19. Nxe4 Ne5 20. Nfg5 Nxg5 21.
Nxg5 Re8 22. Qh7+ Kf8 23. Rxf7+ 1-0

[Event "Ontario op"]
[Site "Belleville CAN"]
[Date "1971.05.22"]
[Round "2"]
[White "Murray, Peter"]
[Black "Brodie, Hugh"]
[Result "1-0"]
[WhiteElo "2100"]
[BlackElo "1750"]
[PlyCount "63"]
[EventDate "1971.05.22"]
[EventType "swiss"]
[EventRounds "6"]
[EventCountry "CAN"]

1. c4 e5 2. Nc3 Nc6 3. g3 g6 4. Bg2 Bg7 5. d3 d6 6. Nf3 f5 7. O-O Nf6 8. Rb1
O-O 9. b4 a6 10. Nd5 Ne7 11. Nxe7+ Qxe7 12. a4 Nh5 13. Qb3 f4 14. b5 axb5 15.
axb5 g5 16. Ba3 h6 17. Nd2 Nf6 18. Ra1 Qe8 19. Ne4 Kh8 20. c5 Be6 21. Nxf6 Bxb3
22. Nxe8 Raxe8 23. cxd6 cxd6 24. Bxd6 Rf6 25. Bc7 Rf7 26. Rac1 Ba4 27. b6 f3
28. Bxf3 Rxf3 29. exf3 Bb5 30. Rfd1 Rf8 31. Rc5 Ba6 32. Ra5 1-0

[Event "Ontario op"]
[Site "Belleville CAN"]
[Date "1971.05.23"]
[Round "3"]
[White "Brodie, Hugh"]
[Black "Tierney, Fred"]
[Result "1-0"]
[WhiteElo "1750"]
[BlackElo "1650"]
[PlyCount "29"]
[EventDate "1971.05.22"]
[EventType "swiss"]
[EventRounds "6"]
[EventCountry "CAN"]

1. e4 e6 2. d4 d5 3. Nc3 Bb4 4. e5 c5 5. a3 Bxc3+ 6. bxc3 Ne7 7. Qg4 O-O 8. Nf3
Nbc6 9. Bd3 Qa5 10. Bd2 c4 11. Bxh7+ Kxh7 12. Qh5+ Kg8 13. Ng5 Re8 14. Qxf7+
Kh8 15. Qh5+ 1-0

[Event "Ontario op"]
[Site "Belleville CAN"]
[Date "1971.05.23"]
[Round "4"]
[White "Brodie, Hugh"]
[Black "Geffe, G."]
[Result "1-0"]
[WhiteElo "1750"]
[BlackElo "1600"]
[PlyCount "109"]
[EventDate "1971.05.22"]
[EventType "swiss"]
[EventRounds "6"]
[EventCountry "CAN"]

1. e4 Nf6 2. Nc3 d6 3. f4 Bg4 4. Nf3 Nbd7 5. h3 Bxf3 6. Qxf3 c6 7. Bc4 Qb6 8.
Bb3 e6 9. d3 Be7 10. Be3 Qc7 11. O-O a6 12. Ne2 c5 13. c3 O-O 14. g4 g6 15. Kh1
Kh8 16. Ng3 Ne8 17. d4 Ng7 18. g5 f6 19. h4 c4 20. Bc2 Rf7 21. Qg4 f5 22. Qe2
Raf8 23. Rf2 fxe4 24. Bxe4 d5 25. Bc2 Bd6 26. h5 gxh5 27. Nxh5 Nf5 28. Bxf5
exf5 29. Qf3 Qc6 30. Rh2 Rg8 31. Qh3 Be7 32. Bd2 Qg6 33. Qf3 Qc6 34. Ng3 Nf8
35. Re1 Qd7 36. Re5 b5 37. Qxd5 Qxd5+ 38. Rxd5 Bxg5 39. fxg5 f4 40. Rf2 Ne6 41.
Ne4 Rg6 42. Re5 h6 43. gxh6 Rxh6+ 44. Rh2 Rxh2+ 45. Kxh2 Ng7 46. Kg2 f3+ 47.
Kf2 Nf5 48. Ng5 Rf6 49. Re6 Rf8 50. Rxa6 Ng7 51. Rh6+ Kg8 52. Rg6 Rf5 53. Ne6
Kf7 54. Rxg7+ Kxe6 55. Rg5 1-0

[Event "Ontario op"]
[Site "Belleville CAN"]
[Date "1971.05.24"]
[Round "5"]
[White "Kegel, John"]
[Black "Brodie, Hugh"]
[Result "1-0"]
[WhiteElo "2000"]
[BlackElo "1750"]
[PlyCount "55"]
[EventDate "1971.05.22"]
[EventType "swiss"]
[EventRounds "6"]
[EventCountry "CAN"]

1. d4 e6 2. e4 d5 3. e5 c5 4. Nf3 Nc6 5. Bd3 Qb6 6. O-O Bd7 7. dxc5 Bxc5 8. c3
Qc7 9. b4 Bb6 10. Bf4 Nge7 11. Bg3 Ng6 12. h4 O-O-O 13. Kh1 Rdf8 14. h5 Nge7
15. a4 Qd8 16. Na3 Bc7 17. Nb5 g6 18. Bh4 Qe8 19. Bf6 Rhg8 20. h6 Nf5 21. Qd2
a6 22. Nxc7 Kxc7 23. b5 axb5 24. axb5 Nb8 25. c4 dxc4 26. Bxf5 gxf5 27. Qd6+
Kc8 28. Ra8 1-0

[Event "Ontario op"]
[Site "Belleville CAN"]
[Date "1971.05.24"]
[Round "6"]
[White "Brodie, Hugh"]
[Black "Bruce, Earle"]
[Result "1/2-1/2"]
[WhiteElo "1750"]
[BlackElo "1650"]
[PlyCount "86"]
[EventDate "1971.05.22"]
[EventType "swiss"]
[EventRounds "6"]
[EventCountry "CAN"]

1. e4 Nf6 2. Nc3 e5 3. f4 d5 4. fxe5 Nxe4 5. Nf3 Nxc3 6. bxc3 Be7 7. d4 O-O 8.
Bd3 Be6 9. O-O Nd7 10. Be3 f6 11. exf6 Bxf6 12. Qd2 Nb6 13. Ng5 Bxg5 14. Bxg5
Qd7 15. Rae1 Rxf1+ 16. Rxf1 Re8 17. Qf2 Nc8 18. Qh4 g6 19. Bh6 Qe7 20. Bg5 Qd7
21. Rf6 Bf7 22. Bh6 Qe7 23. Qf4 Nd6 24. Qf3 Qe1+ 25. Bf1 Qe4 26. Bd3 Qxf3 27.
Rxf3 Re1+ 28. Rf1 Rxf1+ 29. Kxf1 c6 30. Ke2 Be6 31. Bf4 Nf5 32. g4 Ne7 33. h3
Nc8 34. Kf3 Nb6 35. Bc1 Nc4 36. Kf4 Kf7 37. Bxc4 dxc4 38. Ke5 h5 39. gxh5 gxh5
40. h4 b5 41. Kd6 Bd5 42. Bg5 a5 43. a3 a4 1/2-1/2

[Event "Carnaval"]
[Site "Quebec CAN"]
[Date "1971.02.12"]
[Round "1"]
[White "Brodie, Hugh"]
[Black "Bouchard, R."]
[Result "1-0"]
[WhiteElo "1750"]
[BlackElo "1500"]
[PlyCount "65"]
[EventDate "1971.02.12"]
[EventType "swiss"]
[EventRounds "5"]
[EventCountry "CAN"]

1. e4 c5 2. d4 cxd4 3. c3 e5 4. Nf3 Nc6 5. cxd4 d5 6. Nxe5 Nf6 7. Nxc6 bxc6 8.
e5 Ne4 9. Bd3 Qb6 10. Bxe4 dxe4 11. O-O Be6 12. Nc3 Rd8 13. Be3 Qxb2 14. Nxe4
Be7 15. Qa4 O-O 16. Rfb1 Qe2 17. Rb7 Bd7 18. d5 cxd5 19. Rxd7 Rxd7 20. Qxd7 Ba3
21. Qxd5 h6 22. Bxa7 Bb2 23. Rf1 Ba3 24. Bc5 Qb5 25. Qd6 Bxc5 26. Qxc5 Qd7 27.
h3 Rc8 28. Qb4 Qd5 29. a4 Kh7 30. Qb1 f5 31. exf6 Kg8 32. Rd1 Rb8 33. Qxb8+ 1-0

[Event "Carnaval"]
[Site "Quebec CAN"]
[Date "1971.02.13"]
[Round "2"]
[White "Delva, Jean"]
[Black "Brodie, Hugh"]
[Result "1-0"]
[WhiteElo "1950"]
[BlackElo "1750"]
[PlyCount "73"]
[EventDate "1971.02.12"]
[EventType "swiss"]
[EventRounds "5"]
[EventCountry "CAN"]

1. d4 Nf6 2. c4 c5 3. d5 d6 4. Nc3 g6 5. e4 Bg7 6. Be2 e6 7. Nf3 exd5 8. cxd5
Na6 9. O-O O-O 10. Nd2 Nc7 11. a4 b6 12. f4 Nfe8 13. Nf3 Qe7 14. Bd3 Ba6 15.
Re1 Qd7 16. e5 Rc8 17. Ng5 Bxd3 18. Qxd3 h6 19. e6 fxe6 20. Nxe6 Nxe6 21. dxe6
Qe7 22. Qxg6 Rf6 23. Nd5 Qf8 24. Nxf6+ Qxf6 25. Qxf6 Bxf6 26. f5 Kg7 27. Ra3
Bd4+ 28. Kf1 Nf6 29. Rg3+ Kh7 30. Rh3 Ng4 31. Re4 Nf6 32. Rxh6+ Kg7 33. Rg6+
Kf8 34. Rh4 Ng8 35. Bh6+ Ke7 36. Bg5+ Kf8 37. f6 1-0

[Event "Carnaval"]
[Site "Quebec CAN"]
[Date "1971.02.13"]
[Round "3"]
[White "Sormany, Jacques"]
[Black "Brodie, Hugh"]
[Result "0-1"]
[WhiteElo "1700"]
[BlackElo "1750"]
[PlyCount "86"]
[EventDate "1971.02.12"]
[EventType "swiss"]
[EventRounds "5"]
[EventCountry "CAN"]

1. e4 e6 2. d4 d5 3. e5 c5 4. c3 Nc6 5. Bb5 cxd4 6. Bxc6+ bxc6 7. cxd4 Bb4+ 8.
Nc3 Ne7 9. Qg4 Ng6 10. h4 h5 11. Qg3 Qc7 12. Nge2 Ba6 13. a3 Be7 14. Nf4 Nxf4
15. Bxf4 g6 16. b4 Bc4 17. Bg5 a5 18. Rb1 axb4 19. axb4 Qa7 20. Bxe7 Kxe7 21.
Qg5+ Kd7 22. Qf6 Rhf8 23. Qf4 Rab8 24. Qd2 Qa3 25. Qb2 Ra8 26. b5 cxb5 27. Rh3
Qxb2 28. Rxb2 Rfb8 29. Rf3 Ke7 30. Rb4 Ra1+ 31. Kd2 Kf8 32. Ke3 Ra3 33. Kf4 Rb3
34. Rxb3 Bxb3 35. Kg5 Kg7 36. Rg3 Bc2 37. Ne2 b4 38. Nf4 b3 39. Nxh5+ gxh5 40.
Kxh5+ Bg6+ 41. Kg5 b2 42. h5 b1=Q 43. hxg6 fxg6 0-1

[Event "Carnaval"]
[Site "Quebec CAN"]
[Date "1971.02.14"]
[Round "4"]
[White "Brodie, Hugh"]
[Black "Gersho, Jack"]
[Result "1-0"]
[WhiteElo "1750"]
[BlackElo "1800"]
[PlyCount "113"]
[EventDate "1971.02.12"]
[EventType "swiss"]
[EventRounds "5"]
[EventCountry "CAN"]

1. f4 d5 2. b3 c5 3. Nf3 g6 4. Bb2 f6 5. e3 Bg7 6. Be2 Nh6 7. O-O O-O 8. a3 Nf7
9. Qe1 Qb6 10. Nc3 Rd8 11. Na4 Qc7 12. Qh4 Bd7 13. Nc3 Bc6 14. Rac1 Nd7 15. g4
e5 16. f5 e4 17. Ne1 d4 18. exd4 cxd4 19. Nb5 Bxb5 20. Bxb5 Nde5 21. Be2 Bh6
22. Rd1 Qb6 23. Kh1 Bg5 24. Qf2 e3 25. dxe3 Bxe3 26. Qg2 Kh8 27. fxg6 Nxg6 28.
Bd3 Nf4 29. Qg3 Qc6+ 30. Qf3 Qxf3+ 31. Nxf3 Nh6 32. Bf5 Nxf5 33. gxf5 Rac8 34.
Bxd4 Bxd4 35. Nxd4 Nh3 36. Rf3 Ng5 37. Rfd3 Rg8 38. Re3 Rcd8 39. c3 Rd5 40.
Rde1 Re5 41. h4 Nh3 42. Rxe5 fxe5 43. Kh2 Nf2 44. Ne6 e4 45. Ng5 h5 46. Kg2 Ng4
47. Rxe4 Rf8 48. Re7 Rxf5 49. Rxb7 Ra5 50. a4 Ne3+ 51. Kf3 Nd5 52. c4 Nf6 53.
Kf4 Kg8 54. Ne6 Ne8 55. c5 a6 56. Kg5 Nd6 57. Rc7 1-0

[Event "Carnaval"]
[Site "Quebec CAN"]
[Date "1971.02.14"]
[Round "5"]
[White "Williams, Leo"]
[Black "Brodie, Hugh"]
[Result "1/2-1/2"]
[WhiteElo "2100"]
[BlackElo "1750"]
[PlyCount "76"]
[EventDate "1971.02.12"]
[EventType "swiss"]
[EventRounds "5"]
[EventCountry "CAN"]

1. e4 c5 2. Nf3 d6 3. d4 cxd4 4. Nxd4 Nf6 5. Nc3 g6 6. Be3 Bg7 7. f3 O-O 8. Qd2
Nc6 9. Bc4 Bd7 10. Bb3 Qa5 11. O-O-O Rfc8 12. g4 Ne5 13. Qe2 Rxc3 14. bxc3 Qxc3
15. Kb1 Nfxg4 16. fxg4 Bxg4 17. Qd2 Qc8 18. Rdf1 a5 19. a4 Bd7 20. Bh6 Nc4 21.
Bxc4 Qxc4 22. Bxg7 Kxg7 23. Rhg1 Ra6 24. Rf3 Qxa4 25. Rb3 e5 26. Nf5+ Bxf5 27.
exf5 Qc6 28. Qg5 f6 29. Qh5 Rb6 30. Rxg6+ hxg6 31. Qxg6+ Kf8 32. Qxf6+ Ke8 33.
Qe6+ Kd8 34. f6 Rxb3+ 35. cxb3 Qe4+ 36. Kb2 Qd4+ 37. Kc2 Qf2+ 38. Kd3 Qf3+
1/2-1/2

[Event "Winter op"]
[Site "Montreal CAN"]
[Date "1971.02.27"]
[Round "2"]
[White "Delva, Jean"]
[Black "Brodie, Hugh"]
[Result "1-0"]
[WhiteElo "1980"]
[BlackElo "1750"]
[PlyCount "43"]
[EventDate "1971.??.??"]
[EventType "swiss"]
[EventRounds "5"]
[EventCountry "CAN"]

1. d4 e6 2. c4 d5 3. Nc3 Nf6 4. Nf3 c6 5. e3 Nbd7 6. Bd3 dxc4 7. Bxc4 b5 8. Bd3
a6 9. e4 Bb7 10. e5 Nd5 11. Nxd5 cxd5 12. O-O Bb4 13. Be3 f6 14. Qe2 Be7 15.
exf6 Bxf6 16. Bf4 Qb6 17. Rfe1 Kf7 18. Rac1 Rac8 19. Bc7 Rxc7 20. Rxc7 Bc8 21.
Rec1 Qb8 22. Qc2 1-0

[Event "Winter op"]
[Site "Montreal CAN"]
[Date "1971.02.27"]
[Round "3"]
[White "Brodie, Hugh"]
[Black "MacChesney, D."]
[Result "1-0"]
[WhiteElo "1750"]
[BlackElo "1600"]
[PlyCount "75"]
[EventDate "1971.??.??"]
[EventType "swiss"]
[EventRounds "5"]
[EventCountry "CAN"]

1. e4 e5 2. Nc3 Bc5 3. Bc4 Nc6 4. Qg4 g6 5. Qg3 Nf6 6. d3 d6 7. Bg5 Nd4 8.
O-O-O c6 9. Qh4 h6 10. Bxf6 g5 11. Bxd8 gxh4 12. Bxh4 a5 13. a3 b5 14. Ba2 b4
15. Na4 bxa3 16. Nxc5 axb2+ 17. Kxb2 dxc5 18. Bf6 Rg8 19. g3 a4 20. Bxe5 a3+
21. Kc1 Be6 22. Bxe6 fxe6 23. Kd2 Ke7 24. Bxd4 cxd4 25. Nf3 c5 26. Ra1 Kd6 27.
Rhb1 Ra4 28. Rb3 Rga8 29. c3 e5 30. Ne1 a2 31. Rb6+ Kc7 32. Rb2 Ra3 33. cxd4
cxd4 34. f4 exf4 35. gxf4 Kd6 36. Nc2 R3a7 37. Nxd4 Rg7 38. Nf5+ 1-0

[Event "Winter op"]
[Site "Montreal CAN"]
[Date "1971.02.28"]
[Round "4"]
[White "Angers, Gilles"]
[Black "Brodie, Hugh"]
[Result "0-1"]
[WhiteElo "1850"]
[BlackElo "1750"]
[PlyCount "94"]
[EventDate "1971.??.??"]
[EventType "swiss"]
[EventRounds "5"]
[EventCountry "CAN"]

1. c4 e5 2. Nc3 Nc6 3. g3 d6 4. Bg2 g6 5. Nf3 Bg7 6. O-O f5 7. d3 Nf6 8. Bd2 h6
9. Ne1 O-O 10. f4 Rb8 11. Rb1 Be6 12. Nd5 Kh7 13. e3 Ne7 14. e4 c6 15. Nxf6+
Bxf6 16. Qa4 a6 17. b4 g5 18. fxg5 hxg5 19. exf5 Bxf5 20. b5 axb5 21. cxb5 Ra8
22. Qd1 Bg6 23. Be4 Rxa2 24. Nf3 Kg7 25. Nxg5 Bxg5 26. Bxg5 Qb6+ 27. Kh1 Bxe4+
28. dxe4 Rff2 29. Rxf2 Qxf2 30. Bd2 Rxd2 31. Qg4+ Kf7 32. Qh5+ Ng6 33. Qf5+
Qxf5 34. exf5 Ne7 35. bxc6 bxc6 36. g4 e4 37. Kg1 d5 38. h4 d4 39. Rb8 e3 40.
Rh8 d3 41. Rh7+ Kf6 42. g5+ Kxf5 43. Rxe7 e2 44. Kf2 Rd1 45. Rf7+ Kg4 46. Re7
Rf1+ 47. Kg2 e1=Q 0-1

[Event "Winter op"]
[Site "Montreal CAN"]
[Date "1971.02.28"]
[Round "5"]
[White "Leimanis, Andris"]
[Black "Brodie, Hugh"]
[Result "1/2-1/2"]
[WhiteElo "1900"]
[BlackElo "1750"]
[PlyCount "50"]
[EventDate "1971.??.??"]
[EventType "swiss"]
[EventRounds "5"]
[EventCountry "CAN"]

1. e4 e6 2. d4 d5 3. e5 c5 4. c3 Nc6 5. Nf3 Qb6 6. Bd3 Bd7 7. O-O cxd4 8. cxd4
Nxd4 9. Nxd4 Qxd4 10. Nc3 a6 11. Qe2 Qb6 12. Kh1 Bc5 13. f4 Ne7 14. f5 O-O-O
15. fxe6 Bxe6 16. Na4 Qc6 17. Nxc5 Qxc5 18. Be3 Qc7 19. Bxa6 bxa6 20. Qxa6+ Qb7
21. Rac1+ Kb8 22. Qa4 Rc8 23. Bc5 Rhd8 24. Rf3 d4 25. Ra3 Nf5 1/2-1/2

[Event "Quebec op"]
[Site "Montreal CAN"]
[Date "1970.10.10"]
[Round "1"]
[White "Marchand, Jacques"]
[Black "Brodie, Hugh"]
[Result "1-0"]
[WhiteElo "1850"]
[BlackElo "1750"]
[PlyCount "71"]
[EventDate "1970.10.10"]
[EventType "swiss"]
[EventRounds "6"]
[EventCountry "CAN"]

1. Nf3 b5 2. e4 Bb7 3. Bxb5 Bxe4 4. Nc3 Bb7 5. d4 f5 6. Ne5 Nf6 7. Bg5 e6 8. d5
exd5 9. Qe2 Qe7 10. O-O-O c6 11. Bxf6 Qxf6 12. Nxc6+ Qe6 13. Qxe6+ dxe6 14.
Nxb8+ Kf7 15. Nd7 Bb4 16. Ne2 Rac8 17. Nd4 Rc7 18. Ne5+ Kf6 19. Nd3 Bd6 20. f4
Bxf4+ 21. Nxf4 e5 22. Nde6 Re7 23. Nxd5+ Bxd5 24. Rxd5 Rxe6 25. Rhd1 e4 26. Bd7
Re5 27. Rxe5 Kxe5 28. Kd2 g5 29. g3 f4 30. gxf4+ gxf4 31. Ke2 Rg8 32. Bh3 Rg6
33. c4 Rh6 34. Rd5+ Kf6 35. Rd6+ Kg5 36. Rxh6 1-0

[Event "Quebec op"]
[Site "Montreal CAN"]
[Date "1970.10.10"]
[Round "2"]
[White "Brodie, Hugh"]
[Black "Chow, Van"]
[Result "1-0"]
[WhiteElo "1750"]
[BlackElo "1700"]
[PlyCount "49"]
[EventDate "1970.10.10"]
[EventType "swiss"]
[EventRounds "6"]
[EventCountry "CAN"]

1. e4 Nf6 2. Nc3 e5 3. f4 d5 4. fxe5 Nxe4 5. Nf3 Nxc3 6. bxc3 c5 7. d4 Nc6 8.
Be2 Be7 9. O-O O-O 10. Be3 b6 11. Qd2 h6 12. Kh1 f6 13. exf6 Rxf6 14. Rg1 c4
15. g4 g5 16. Raf1 Bd6 17. h4 Kg7 18. hxg5 hxg5 19. Bxg5 Qh8+ 20. Nh4 Rg6 21.
Kg2 Bd7 22. Rh1 Qe8 23. Nxg6 Qe4+ 24. Bf3 Qxf3+ 25. Rxf3 1-0

[Event "Quebec op"]
[Site "Montreal CAN"]
[Date "1970.10.11"]
[Round "3"]
[White "Brodie, Hugh"]
[Black "Giroux, R."]
[Result "1/2-1/2"]
[WhiteElo "1750"]
[BlackElo "1600"]
[PlyCount "64"]
[EventDate "1970.10.10"]
[EventType "swiss"]
[EventRounds "6"]
[EventCountry "CAN"]

1. e4 c5 2. Nc3 d6 3. g3 Nc6 4. Bg2 e6 5. d3 Nf6 6. Nh3 Be7 7. O-O a6 8. f4 Qc7
9. Nf2 b5 10. a3 O-O 11. Be3 Rb8 12. g4 d5 13. exd5 b4 14. axb4 cxb4 15. g5 Ne8
16. Ne2 exd5 17. Bxd5 Qd6 18. Be4 f5 19. Bg2 Nc7 20. Ng3 g6 21. h4 Nd5 22. Qf3
Nxe3 23. Qxe3 Nd4 24. Rac1 Bb7 25. Rfe1 Bd8 26. c3 Nb3 27. Rc2 Bxg2 28. Kxg2
Bb6 29. Qe6+ Qxe6 30. Rxe6 Rfc8 31. Re7 Nd4 32. Rc1 Nb3 1/2-1/2

[Event "Quebec op"]
[Site "Montreal CAN"]
[Date "1970.10.11"]
[Round "4"]
[White "Spraggett, Jim"]
[Black "Brodie, Hugh"]
[Result "1-0"]
[WhiteElo "1650"]
[BlackElo "1750"]
[PlyCount "100"]
[EventDate "1970.10.10"]
[EventType "swiss"]
[EventRounds "6"]
[EventCountry "CAN"]

1. Nf3 f5 2. e4 fxe4 3. Ng5 Nf6 4. Nc3 d5 5. d3 exd3 6. Bxd3 g6 7. Nxh7 Kf7 8.
Nxf6 exf6 9. Nxd5 Bd6 10. Bf4 Re8+ 11. Be2 Bf5 12. Bxd6 Qxd6 13. Ne3 Qb4+ 14.
Qd2 Qxd2+ 15. Kxd2 Be6 16. Bc4 Nc6 17. Bxe6+ Rxe6 18. Rad1 Rd8+ 19. Kc1 Red6
20. Rxd6 Rxd6 21. Rd1 Nd4 22. c3 Ne2+ 23. Kc2 Rxd1 24. Kxd1 Nf4 25. Kd2 Ke7 26.
g3 Ne6 27. f4 c6 28. f5 gxf5 29. Nxf5+ Kd7 30. Ke3 Nc5 31. h4 Ke6 32. g4 Nd7
33. Kf4 Ne5 34. b4 Nd3+ 35. Kg3 Ne5 36. a4 Nd3 37. h5 Ne5 38. h6 Kf7 39. Kf4
Nd3+ 40. Ke4 Ne5 41. c4 Kg6 42. c5 Nxg4 43. Nd6 b6 44. cxb6 axb6 45. a5 bxa5
46. bxa5 Ne5 47. a6 Nd7 48. a7 Nb6 49. Kd4 Kxh6 50. Kc5 Na8 1-0

[Event "Quebec op"]
[Site "Montreal CAN"]
[Date "1970.10.12"]
[Round "5"]
[White "Brodie, Hugh"]
[Black "Pageau, Roger"]
[Result "1-0"]
[WhiteElo "1750"]
[BlackElo "1800"]
[PlyCount "37"]
[EventDate "1970.10.10"]
[EventType "swiss"]
[EventRounds "6"]
[EventCountry "CAN"]

1. e4 e6 2. d4 b6 3. Nc3 Bb7 4. Be3 Bb4 5. Bd3 Nf6 6. f3 O-O 7. Nge2 d5 8. e5
Nfd7 9. a3 Bxc3+ 10. bxc3 c5 11. Ng3 Nc6 12. O-O a5 13. f4 f5 14. exf6 gxf6 15.
Qg4+ Kf7 16. Bxh7 Rh8 17. f5 e5 18. Bh6 cxd4 19. Qg7+ 1-0

[Event "Quebec op"]
[Site "Montreal CAN"]
[Date "1970.10.12"]
[Round "6"]
[White "Deskin, Eric"]
[Black "Brodie, Hugh"]
[Result "0-1"]
[WhiteElo "1700"]
[BlackElo "1750"]
[PlyCount "86"]
[EventDate "1970.10.10"]
[EventType "swiss"]
[EventRounds "6"]
[EventCountry "CAN"]

1. e4 e6 2. d4 d5 3. Nc3 Bb4 4. e5 c5 5. Bd2 cxd4 6. Nce2 Bxd2+ 7. Qxd2 Nc6 8.
Nf3 Qc7 9. Nexd4 Nxe5 10. Bb5+ Bd7 11. O-O-O Nxf3 12. Bxd7+ Qxd7 13. Nxf3 Nf6
14. Rhe1 O-O 15. a3 Rfc8 16. Nd4 Qa4 17. f3 Rc7 18. g4 Rac8 19. Re2 Nd7 20. h4
Nc5 21. Re3 a5 22. Kb1 Na6 23. c3 Nc5 24. h5 Nb3 25. Qc2 Nc5 26. Qxa4 Nxa4 27.
Nb5 Rc5 28. Nd6 Rb8 29. Rd4 Nb6 30. b4 axb4 31. axb4 Rc6 32. Nb5 Rc4 33. Rdd3
Rc6 34. Nd4 Rcc8 35. f4 Ra8 36. Kc2 Ra2+ 37. Kb3 Rca8 38. Nb5 Nc4 39. Rxd5 exd5
40. Re8+ Rxe8 41. Kxa2 Re4 42. Nc7 Nb6 43. Ne8 Rxe8 0-1

[Event "Labour Day op"]
[Site "Montreal CAN"]
[Date "1970.09.05"]
[Round "1"]
[White "Brodie, Hugh"]
[Black "Humphreys, Stephen"]
[Result "1-0"]
[WhiteElo "1750"]
[BlackElo "1700"]
[PlyCount "73"]
[EventDate "1970.09.05"]
[EventType "swiss"]
[EventRounds "6"]
[EventCountry "CAN"]

1. e4 e5 2. Nc3 Nf6 3. f4 d5 4. fxe5 Nxe4 5. Nf3 Nxc3 6. bxc3 Bg4 7. d4 c5 8.
Bd3 Nc6 9. Be3 b6 10. O-O c4 11. Be2 Be7 12. h3 Bh5 13. Nd2 Bxe2 14. Qxe2 O-O
15. Qg4 Qc8 16. Qg3 Qe6 17. Rf3 h6 18. Raf1 Kh8 19. Rf5 f6 20. Qg6 Qf7 21. Qg4
Qe6 22. Bxh6 gxh6 23. Qg6 Rf7 24. Rh5 Bf8 25. Rf4 Ne7 26. Qg3 f5 27. Nf3 Rh7
28. Nh4 Rg7 29. Qe3 Rg5 30. g4 fxg4 31. Rf6 Qg8 32. Rhxh6+ Bxh6 33. Rxh6+ Kg7
34. Qxg5+ Kf8 35. Qf6+ Qf7 36. Rh8+ Ng8 37. Ng6+ 1-0

[Event "Labour Day op"]
[Site "Montreal CAN"]
[Date "1970.09.05"]
[Round "2"]
[White "Kleinplatz, Sam"]
[Black "Brodie, Hugh"]
[Result "1-0"]
[WhiteElo "1960"]
[BlackElo "1750"]
[PlyCount "81"]
[EventDate "1970.09.05"]
[EventType "swiss"]
[EventRounds "6"]
[EventCountry "CAN"]

1. c4 e5 2. Nc3 Nc6 3. d3 g6 4. g3 Bg7 5. Bg2 d6 6. e3 f5 7. Nge2 Nf6 8. O-O
O-O 9. f4 Ne7 10. b4 c6 11. Rb1 Be6 12. b5 Rb8 13. Qa4 cxb5 14. Nxb5 a6 15.
Nbc3 Qc7 16. Bd2 Nd7 17. Nd5 Nxd5 18. cxd5 Bf7 19. Rfc1 Qd8 20. Ba5 b6 21. Bb4
Nc5 22. Bxc5 bxc5 23. Qxa6 Ra8 24. Qc4 Qa5 25. Rc2 Be8 26. Rb7 Ba4 27. Rcb2
exf4 28. Rxg7+ Kxg7 29. Nxf4 Qe1+ 30. Bf1 Qxe3+ 31. Kg2 Kg8 32. Ne6 Rf7 33.
Qxa4 Rfa7 34. Qc4 Ra4 35. Qc3 Qh6 36. Nc7 Ra3 37. Qf6 Rxa2 38. Nxa8 Rxa8 39.
Qe6+ Kh8 40. Rb7 Ra2+ 41. Be2 1-0